Nástroje na SEO webových stránok a ich štatistické hodnotenie

Nástroje, ktoré sú využívané správcami webových stránok na základné nastavenie, priebežné udržiavanie a zlepšovanie optimalizácie pre vyhľadávače, ako aj sledovaniu výsledkov a úspešnosti webovej stránky. Ukázanie a popis daných nástrojov na konkrétnom príklade.

Na minha lista:
Detalhes bibliográficos
Autor principal: Procházka, Peter, 1968-
Formato: Capítulo de Livro
Idioma:eslovaco
Assuntos:
Tags: Adicionar Tag
Sem tags, seja o primeiro a adicionar uma tag!

MARC

LEADER 00000naa$a2200000$$$4500
001 0260608
005 20240502074129.1
041 0 |a slo 
044 |a SK 
245 1 0 |a Nástroje na SEO webových stránok a ich štatistické hodnotenie  |c Peter Procházka 
520 |a Nástroje, ktoré sú využívané správcami webových stránok na základné nastavenie, priebežné udržiavanie a zlepšovanie optimalizácie pre vyhľadávače, ako aj sledovaniu výsledkov a úspešnosti webovej stránky. Ukázanie a popis daných nástrojov na konkrétnom príklade. 
610 2 0 |a technológie informačné 
610 2 0 |a technológie komunikačné 
610 2 0 |a technológie nové 
610 2 0 |a stránky webové 
610 2 0 |a štatistika 
100 1 |a Procházka, Peter, 1968-